Las Ideas Políticas de Ricardo Flores Magón /

En este ensayo el historiador chicano Juan Gómez-Quiñones describe y analiza el conjunto de las actividades políticas de Ricardo Flores Magón (político y anarquista mexicano, 1873-1922) quien militó en México a través del Partido Liberal Mexicano (PLM) y en el sudoeste de los Estados Unidos.

Gespeichert in:
Bibliographische Detailangaben
1. Verfasser: Gómez-Quiñones, Juan (autor)
Format: Buch
Sprache:Spanisch
Veröffentlicht: México : Era, 1977
Schriftenreihe:(Popular Era ; 47)
Schlagworte:
Tags: Tag hinzufügen
Keine Tags, Fügen Sie das erste Tag hinzu!

MARC

LEADER 00000nam^a2200000^a^4500
001 000026584
005 20250521000000.0
009 20260310084737.085
037 |a Acervo ITESO - Biblioteca 
041 |a ESP 
082 |a 320. 57  |b GOM 
100 |a Gómez-Quiñones, Juan  |e (autor) 
245 1 4 |a Las Ideas Políticas de Ricardo Flores Magón /  |c J. Gómez-Quiñones. 
264 1 |a México :  |b Era,  |c 1977 
300 |a 253 p. 
336 |a texto  |b txt  |2 rdacontenido 
337 |a sin mediación  |b n  |2 rdamedio 
338 |a volumen  |b nc  |2 rdasoporte 
440 1 |a (Popular Era ;  |v 47) 
520 |a En este ensayo el historiador chicano Juan Gómez-Quiñones describe y analiza el conjunto de las actividades políticas de Ricardo Flores Magón (político y anarquista mexicano, 1873-1922) quien militó en México a través del Partido Liberal Mexicano (PLM) y en el sudoeste de los Estados Unidos. 
649 |a XX 
650 |a Política -  |z México 
650 |a Anarquismo -  |z México 
650 |a México -  |x Historia -  |y Revolución, 1910-1917 
910 |a Fondo General 
920 |a Impresos - Libros 
930 |a Colección General 
905 |a 101 
901 |a 0265840100  |b IT1  |c ACC  |i 026584  |u 20250521 
902 |a https://opac.biblio.iteso.mx/vufind/Record/000026584